000 00591nam a22001937a 4500
003 OSt
005 20151203192029.0
008 151203b xxu||||| |||| 00| 0 eng d
020 _a1853463566
040 _cDDC.
082 _a370 LEA1995
100 _aMaclean, Martin;
_96499
245 _aEducational Traditions Compared.
_bContent,Teaching and Learning in Industralised Countries.
260 _aLondon
_bDavid Fulton Publishers.
_c1995.
300 _avi,202p;
_bill:
_c23cm
504 _aReferences and Index are included.
650 _aEducational traditions.
_96500
942 _2ddc
_cSLOAN
999 _c2820
_d2820